Bioenergy potential assessment of distillery stillage and sugarcane industry by-products through anaerobic digestion (Record no. 525470)

000 -LEADER
fixed length control field 00809nam a22002297a 4500
003 - CONTROL NUMBER IDENTIFIER
control field NUST
005 - DATE AND TIME OF LATEST TRANSACTION
control field 20190702085623.0
008 - FIXED-LENGTH DATA ELEMENTS--GENERAL INFORMATION
fixed length control field 190702b ||||| |||| 00| 0 eng d
038 ## - RECORD CONTENT LICENSOR
Staff Name IESE
040 ## - CATALOGING SOURCE
Transcribing agency 0
050 ## - LIBRARY OF CONGRESS CALL NUMBER
Classification number 628 HAS
082 ## - DEWEY DECIMAL CLASSIFICATION NUMBER
Classification number 628 HAS
100 ## - MAIN ENTRY--PERSONAL NAME
Personal name Sibt-e-Hassan
9 (RLIN) 16365
245 ## - TITLE STATEMENT
Title Bioenergy potential assessment of distillery stillage and sugarcane industry by-products through anaerobic digestion
Statement of responsibility, etc. Sibt-e-Hassan
260 ## - PUBLICATION, DISTRIBUTION, ETC.
Place of publication, distribution, etc. Islamabad
Name of publisher, distributor, etc. IESE (SCEE) NUST
Date of publication, distribution, etc. 2018
300 ## - PHYSICAL DESCRIPTION
Extent 65p.
Other physical details H.B
440 ## - SERIES STATEMENT/ADDED ENTRY--TITLE
Title MS Environmental Engineering
9 (RLIN) 1549
500 ## - GENERAL NOTE
General note Thesis MS EE
650 ## - SUBJECT ADDED ENTRY--TOPICAL TERM
Topical term or geographic name entry element Environmental Engineering
9 (RLIN) 1550
700 ## - ADDED ENTRY--PERSONAL NAME
Relator code Dr. Zeshan Sheikh (Supervisor)
942 ## - ADDED ENTRY ELEMENTS (KOHA)
Source of classification or shelving scheme
Koha item type Thesis
Call number prefix IESE
Holdings
Withdrawn status Lost status Source of classification or shelving scheme Damaged status Not for loan Permanent Location Current Location Shelving location Date acquired Total Checkouts Full call number Barcode Date last seen Price effective from Koha item type
          Central Library (CL) Central Library (CL) Thesis 07/03/2019   628 HAS CL-T-1927 07/03/2019 07/03/2019 Thesis
        Not For Loan Institute of Environmental Science and Engineering (IESE) Institute of Environmental Science and Engineering (IESE) Thesis 07/02/2019   628 HAS IESE-T-577 07/02/2019 07/02/2019 Thesis
© 2023 Central Library, National University of Sciences and Technology. All Rights Reserved.